Nadee Pareeksha Pulse Examination In Ayurveda / (Record no. 195705)

MARC details
000 -LEADER
fixed length control field 00749nam a22001937a 4500
005 - DATE AND TIME OF LATEST TRANSACTION
control field 20230418152630.0
010 ## - LCCN (DPL NO)
LC control number ENG-136705
020 ## - INTERNATIONAL STANDARD BOOK NUMBER
Terms of availability 200.00
035 ## - SYSTEM CONTROL NUMBER
System control number EN-120237
037 ## - SOURCE OF ACQUISITION
Source of stock number/acquisition DBAD/PUB
082 ## - DEWEY DECIMAL CLASSIFICATION NUMBER
Classification number 615.536
100 ## - MAIN ENTRY--PERSONAL NAME
Personal name Kulkarni, P.H
245 ## - TITLE STATEMENT
Title Nadee Pareeksha Pulse Examination In Ayurveda /
Statement of responsibility, etc By P.H Kulkarni and Edited By Abhinandan Appasaheb Muke
260 ## - PUBLICATION, DISTRIBUTION, ETC. (IMPRINT)
Place of publication, distribution, etc Pune
Name of publisher, distributor, etc Deerghayu International
Date of publication, distribution, etc 2016
270 ## - ADDRESS
Address 36, Kothrud Gaothan, Opp Mhatoba Temple, Navgrah, Maruti, Bodhi Vruksha
City Pune
Postal code 411038
Telephone number 9822037665
-- 91-020-25382130
Electronic mail address deerghayuinternational@gamil.com
Fax number 91-020-65208083
300 ## - PHYSICAL DESCRIPTION
Extent 84p.;
Dimensions 20cm(pbk)
Other physical details index
700 ## - ADDED ENTRY--PERSONAL NAME
Personal name Muke, Abhinandan Appasaheb
Relator term Editor
942 ## - ADDED ENTRY ELEMENTS (KOHA)
Source of classification or shelving scheme Dewey Decimal Classification
Item type English Books
Call number suffix KUL
Classification part 615.536
Holdings
Withdrawn status Lost status Not for loan Collection code Home library Current library Date acquired Source of acquisition Cost, normal purchase price Full call number Barcode Copy number Cost, replacement price Koha item type
      Non-fiction Shahdara Branch Shahdara Branch 18/04/2023 DBAD/PUB 200.00 615.536 KUL EN-120237 1 200.00 English Books

© Delhi Public Library
Hit Counter
free hit counter